000
00238nam a2200097Ia 4500
001
688430
005
20250826161614.0
008
250824s9999 xx 000 0 und d
245
0
_a
KIRMIZI YOYO
_c
OKTAY AKBAL
260
_b
GÜNIŞIĞI YAYINLARI
999
_c
688430
_d
688430